000 00472nam a2200193Ia 4500
005 20140402153932.0
008 140130s9999 xx 000 0 und d
020 _a0439405610
050 _aPZ 7
_b.L345g5 2004
100 _aLasky, Kathryn
_96040
245 _cKathryn Lasky.
_aThe shattering /
260 _bScholastic,
_c2004.
_aUSA :
300 _a176 p. :
_c22 cm.
440 _v1
_931174
521 _aG5
526 _c790
942 _cBK
_2lcc
999 _c41140
_d41140